| 000 | 00821nam a2200289Ia 4500 | ||
|---|---|---|---|
| 003 | OSt | ||
| 005 | 20221007120811.0 | ||
| 006 | a|||||r|||| 00| 0 | ||
| 007 | ta | ||
| 008 | 221006b |||||||| |||| 00| 0 eng d | ||
| 020 | _a8122407927 (hbd) | ||
| 024 | _a3787 | ||
| 037 |
_bApple, _cTextual |
||
| 040 |
_aBDL _cBDL _beng |
||
| 041 |
_2eng _aeng |
||
| 082 | _aI6, N6 Carb | ||
| 100 |
_aBhatnagar S P _9523391 |
||
| 245 | 0 |
_aGymnosperms _b Moitra Alok |
|
| 260 |
_aNew _bDelhi New Age International Ltd _c1996 |
||
| 300 |
_ax,467p _ccm. |
||
| 500 | _aBibliography 422-453p; Index 261-264p | ||
| 650 |
_a Gymnosperms _9710019 |
||
| 650 | _aBotany | ||
| 700 |
_a Moitra Alok _9610067 |
||
| 942 |
_hI6, N6 Carb _cTEXL _2CC |
||
| 999 |
_c1208022 _d1208022 |
||